000 01168nam a22003495i 4500
001 24145698
005 20250519134901.0
008 250408s2025 ii 000 0 eng
010 _a 2025349887
020 _a9789356406858
025 _aI-E-2025349887; 28-91
037 _cTB
040 _aAL
_beng
_erda
_cAL
041 _2eng
_aeng
_hmaly
042 _alcode
084 _aO32,3vN 111R4
_qAL
245 0 0 _aPrint and the novel in 19th century Kerala :
_breconsidering colonial modernity
260 _aNew Delhi, India:
_bBloomsbury India,
_c2024.
264 1 _c2024.
300 _axi, 159p.
336 _atext
_btxt
_2rdacontent
337 _aunmediated
_bn
_2rdamedia
338 _avolume
_bnc
_2rdacarrier
365 _b1599.00
_cINR
546 _aTranslated from Malayalam to English
650 _aMalayalam Literature
_9808925
650 _aMalayalam Fiction
_9808926
906 _a7
_bpar
_corigode
_d3
_encip
_f20
_gy-gencatlg
942 _2CC
_cTB
_hO32,3vN 111R4
_n0
999 _c1428815
_d1428815